000 00677nam a2200217Ia 4500
001 13187
003 GE_BSU
008 181216s||||||||xx |||||||||||||| ||und||
040 _cGE_BSU
080 _a632(035)
100 _aБей-Биенко,Г.Я. Берим,Н.Г. Брянцев,Б.А.
245 _aСловарь-справочник энтомолога
245 _cПод.ред.В.Н.Щеголева
250 _a2-ое дополн.и перераб.
260 _aМосква
260 _bСельхозгиз
260 _c1958
300 _a631стр.илл.22см.
653 _aСловарь-справочник энтомолога
942 _cBK
999 _c46351
_d46351